00335nam a2200121Ia 4500008004100000100001800041245002300059260003000082300000900112650006800121942000700189999001700196190216s9999||||xx |||||||||||||| ||und|| aMargery Green 4aThe Arabian Nights bMacmillan India Ltdc1959 a100p aEnglish Stories-English Stories-English Stories-English Stories cBK c14095d14095